La poesie chinoise contemporaine
Uloženo v:
| Hlavní autor: | |
|---|---|
| Médium: | Kniha |
| Jazyk: | francouzština |
| Vydáno: |
París
Editions Seghers
1962
|
| Edice: | Collection Melior
|
| Témata: | |
| Tagy: |
Přidat tag
Žádné tagy, Buďte první, kdo vytvoří štítek k tomuto záznamu!
|
MARC
| LEADER | 00000nam a2200000 a 4500 | ||
|---|---|---|---|
| 001 | UCY7172 | ||
| 003 | CL-VaPUC | ||
| 008 | 950609e19620000FR |||||||||||||||||fre|d | ||
| 082 | 0 | 4 | |a 895.101 |b GUI |2 21 |
| 100 | 0 | |a Guillermaz, Patricia |e author |9 337449 | |
| 245 | 1 | 3 | |a La poesie chinoise contemporaine |
| 300 | |a 253 p | ||
| 942 | |c BK | ||
| 945 | |d 19950609 00:00:00 |a rbrito | ||
| 260 | |a París |b Editions Seghers |c 1962 | ||
| 650 | 7 | |a POESIAS CHINAS |2 CL-VaPUC |9 267588 | |
| 650 | 0 | |a Crítica literaria |9 269189 | |
| 651 | 0 | |a China |9 257545 | |
| 583 | |a last modification |c 19950609 00:00:00 |k Rodrigo Vera | ||
| 490 | 0 | |a Collection Melior | |
| 999 | |c 234604 |d 234602 | ||
| 952 | |0 0 |1 0 |4 0 |6 895_101000000000000_GUI_1962 |7 0 |8 A |9 241154 |a BIBGIM |b BIBGIM |d 2019-11-18 |i 2006200 |o 895.101 GUI 1962 |p 2006200 |r 2025-01-15 |w 2019-11-18 |y BK |k ORI | ||